Can you name the lyrics to M2M's Pretty Boy? Quiz Stats

 Plays Quiz not verified by Sporcle

Score 0/156 Timer 15:00
0 Plays Today
% Correct
I
100%
I
100%
I
100%
I
100%
I
100%
I
100%
I
100%
I
100%
I
100%
I
100%
I
100%
I
100%
pretty
87%
pretty
87%
boy
87%
Pretty
87%
pretty
87%
boy
87%
pretty
87%
pretty
87%
boy
87%
pretty
87%
pretty
87%
boy
87%
a
87%
a
87%
night
82.6%
you
82.6%
You
82.6%
you
82.6%
me
82.6%
you
82.6%
you
82.6%
you
82.6%
me
82.6%
you
82.6%
me
82.6%
you
82.6%
me
82.6%
me
82.6%
you
82.6%
you
82.6%
You
82.6%
me
82.6%
you
82.6%
you
82.6%
at
78.3%
Oh
78.3%
love
78.3%
love
78.3%
Oh
78.3%
Oh
78.3%
% Correct
do
78.3%
lie
73.9%
awake
73.9%
See
73.9%
in
73.9%
and
73.9%
my
73.9%
lie
73.9%
awake
73.9%
and
73.9%
my
73.9%
in
73.9%
my
73.9%
right
73.9%
the
73.9%
my
73.9%
Like
73.9%
Just
73.9%
too
73.9%
my
73.9%
my
73.9%
right
73.9%
to
73.9%
your
73.9%
and
73.9%
in
73.9%
and
73.9%
right
73.9%
my
73.9%
And
73.9%
your
73.9%
to
73.9%
To
73.9%
in
73.9%
things
69.6%
black
69.6%
white
69.6%
inside
69.6%
know
69.6%
that
69.6%
way
69.6%
heart
69.6%
it
69.6%
never
69.6%
ever
69.6%
loved
69.6%
no
69.6%
one
69.6%
before
69.6%
tell
69.6%
Let
69.6%
inside
69.6%
% Correct
stay
69.6%
beside
69.6%
it
69.6%
hear
69.6%
stay
69.6%
have
65.2%
made
65.2%
pray
65.2%
look
65.2%
have
65.2%
from
65.2%
start
65.2%
of
65.2%
mine
65.2%
make
65.2%
from
65.2%
make
65.2%
mine
65.2%
only
60.9%
mind
60.9%
blind
60.9%
will
60.9%
longing
60.9%
name
60.9%
with
60.9%
got
56.5%
all
56.5%
write
56.5%
call
56.5%
little
56.5%
while
56.5%
touch
56.5%
smile
56.5%
So
56.5%
I've
52.2%
miss
52.2%
used
52.2%
put
52.2%
bedroom
52.2%
wall
52.2%
frame
52.2%
say
52.2%
knew
47.8%
sometimes
47.8%
reach
47.8%
these
43.5%
think
43.5%
what
43.5%
for
43.5%
out
43.5%
time
43.5%
can
39.1%

You're not logged in!

Compare scores with friends on all Sporcle quizzes.
OR
Log In

Sporcle TV

Today on Sporcle TV


Watch our educational content, quiz creation guides, and fun videos on Sporcle TV.

Show Comments

Extras

Top Quizzes Today


Score Distribution

Your Account Isn't Verified!

In order to create a playlist on Sporcle, you need to verify the email address you used during registration. Go to your Sporcle Settings to finish the process.

Report this User

Report this user for behavior that violates our Community Guidelines.

Details: